The SECRET of N.I.M.H [

Bibliographic Details
Format: Book
Published: United Kingdom : Warner Bros , 19_.
Subjects:

MARC

LEADER 00000cam a2200000 7i4500
001 0000000307
002 000000382
005 20080102.0
020 |a 000000382 
090 0 0 |a JF   |b SEC 
245 0 4 |a The SECRET of N.I.M.H [  |h videorecording] 
260 |a United Kingdom :   |b Warner Bros ,   |c 19_. 
300 |a 1 videocassette VHS (84:00 min) :   |b Col.(PAL) 
650 0 0 |a Animal fiction   |x Cartoons and caricatures 
999 |a PV0210   |b VIDEO   |c JUNIOR REFERENCE   |e PERPUSTAKAAN KOMUNITI PETALING JAYA